Le "tiers parti" catholique au XVIIIe siècle : (Record n. 26079)

Dettagli MARC
000 -LEADER
fixed length control field 00964nam a2200253 i 4500
003 - CONTROL NUMBER IDENTIFIER
control field IT-RoINE
005 - DATE AND TIME OF LATEST TRANSACTION
control field 20180716070333.0
008 - FIXED-LENGTH DATA ELEMENTS--GENERAL INFORMATION
fixed length control field 030212s1960 fr |r |001|| fre|d
040 ## - CATALOGING SOURCE
Original cataloging agency UPSA
Transcribing agency esslup IT-RoINE
Modifying agency IT-RoINE
100 1# - MAIN ENTRY--PERSONAL NAME
Personal name Appolis, Émile,
Dates associated with a name 1903-1980
9 (RLIN) 51651
245 13 - TITLE STATEMENT
Title Le "tiers parti" catholique au XVIIIe siècle :
Remainder of title entre jansénistes et zelanti /
Statement of responsibility, etc par Emile Appolis.
260 ## - PUBLICATION, DISTRIBUTION, ETC. (IMPRINT)
Place of publication, distribution, etc Paris :
Name of publisher, distributor, etc A. et J. Picard,
Date of publication, distribution, etc 1960.
300 ## - PHYSICAL DESCRIPTION
Extent XI, 601 p. ;
Dimensions 24 cm.
336 ## - CONTENT TYPE
Source rdacontent
Content type term text
337 ## - MEDIA TYPE
Source rdamedia
Media type term unmediated
338 ## - CARRIER TYPE
Source rdacarrier
Carrier type term volume
500 ## - GENERAL NOTE
General note Incluye índice.
500 ## - GENERAL NOTE
General note Bajo al tít.: "Ouvrage publié avec le concours du Centre National de la Recherche Scientifique".
504 ## - BIBLIOGRAPHY, ETC. NOTE
Bibliography, etc Incluye referencias bibliográficas en notas.
610 24 - SUBJECT ADDED ENTRY--CORPORATE NAME
Corporate name or jurisdiction name as entry element Franciscanos
General subdivision Historia
Chronological subdivision Siglo 18o.
9 (RLIN) 51652
650 #4 - SUBJECT ADDED ENTRY--TOPICAL TERM
Topical term or geographic name as entry element Jansenistas
9 (RLIN) 47151
651 #4 - SUBJECT ADDED ENTRY--GEOGRAPHIC NAME
Geographic name Francia
General subdivision Historia eclesiástica
Chronological subdivision Siglo 18o.
9 (RLIN) 51653
942 ## - ADDED ENTRY ELEMENTS (KOHA)
Item type Monografías
Dati di copia
Withdrawn status Lost status Damaged status Not for loan Home library Current library Date acquired Total Checkouts Full call number Barcode Date last seen Price effective from Koha item type
        Iglesia Nacional Española en Roma Iglesia Nacional Española en Roma 16/07/2018   HIS.ECL 205 51674 16/07/2018 16/07/2018 Monografías